[Event "Ilichevsk Sunny Pawn op"]
[Site "Ilichevsk"]
[Date "2007.07.29"]
[Round "9"]
[White "Pivovartsev, Sergey"]
[Black "Zazuliak, Andriy"]
[Result "1/2-1/2"]
[WhiteElo "2195"]
[BlackElo "2146"]
[PlyCount "90"]
[EventDate "2007.07.20"]
[EventType "swiss"]
[EventRounds "11"]
[EventCountry "UKR"]
[SourceTitle "CBM 119 Extra"]
[Source "ChessBase"]
[SourceDate "2007.09.04"]
[SourceVersion "1"]
[SourceVersionDate "2007.09.04"]
[SourceQuality "1"]

1. e4 c5 2. Nf3 d6 3. d4 cxd4 4. Nxd4 Nf6 5. Nc3 g6 6. Be3 Bg7 7. Be2 Nc6 8. 0-0 0-0 9. Kh1 Ng4 10. Bxg4 Bxg4 11. Nxc6 Bxd1 12. Nxd8 Bxc2 13. Nxb7 Bxc3 14. bxc3 a5 15. e5 Rfb8 16. Nxd6 exd6 17. exd6 Rc8 18. Bb6 Rc6 19. Bc7 Rxc3 20. Rac1 Rc6 21. Rfe1 Kf8 22. Re5 a4 23. Rd5 Be4 24. Rdc5 Rxc5 25. Rxc5 Bf5 26. h3 Be6 27. a3 Ke8 28. Kh2 Kd7 29. Kg3 Ra7 30. Kf4 f6 31. g4 h6 32. Bb6 Ra6 33. Bc7 Ra7 34. Rb5 Ra8 35. Rb4 Bd5 36. h4 Bc6 37. h5 gxh5 38. gxh5 Rg8 39. Kf5 Rg5+ 40. Kxf6 Rxh5 41. Rb8 Be4 42. Rd8+ Kc6 43. Rf8 Rf5+ 44. Ke7 Rxf8 45. Kxf8 Kd7 1/2-1/2

[Event "Ilichevsk Sunny Pawn op"]
[Site "Ilichevsk"]
[Date "2007.07.28"]
[Round "8"]
[White "Vdovichenko, Vladislav"]
[Black "Pivovartsev, Sergey"]
[Result "1-0"]
[WhiteElo "2198"]
[BlackElo "2195"]
[PlyCount "87"]
[EventDate "2007.07.20"]
[EventType "swiss"]
[EventRounds "11"]
[EventCountry "UKR"]
[SourceTitle "CBM 119 Extra"]
[Source "ChessBase"]
[SourceDate "2007.09.04"]
[SourceVersion "1"]
[SourceVersionDate "2007.09.04"]
[SourceQuality "1"]

1. d4 d5 2. c4 c6 3. cxd5 cxd5 4. Nc3 Nc6 5. Nf3 Nf6 6. Bf4 Bf5 7. e3 e6 8. Bb5 Nd7 9. Qb3 Be7 10. 0-0 0-0 11. Rfc1 Rc8 12. Bxc6 bxc6 13. Ne5 Rb8 14. Qa4 Nxe5 15. Bxe5 Rxb2 16. Qxa7 Bh4 17. Bg3 Bxg3 18. hxg3 Qa8 19. Qc5 Qa6 20. a4 Rc8 21. Nb5 Ra8 22. Qc3 cxb5 23. axb5 Qxa1 24. Rxa1 Rxa1+ 25. Kh2 h6 26. Qxb2 Rb1 27. Qc3 Rxb5 28. Qc8+ Kh7 29. Qd7 Rb2 30. Qxf7 Re2 31. Qf8 Rxf2 32. g4 Rf1 33. gxf5 Rxf5 34. Qe8 Rf6 35. Kh3 Rg6 36. g4 Rf6 37. Kg3 Rg6 38. Kh4 Rf6 39. Kh5 g6+ 40. Kh4 g5+ 41. Kh5 Kg7 42. Qe7+ Rf7 43. Qxe6 Rf6 44. Qxf6+ 1-0

[Event "Ilichevsk Sunny Pawn op"]
[Site "Ilichevsk"]
[Date "2007.07.23"]
[Round "4"]
[White "Pivovartsev, Sergey"]
[Black "Akulov, Leonid"]
[Result "1-0"]
[WhiteElo "2195"]
[BlackElo "2194"]
[PlyCount "101"]
[EventDate "2007.07.20"]
[EventType "swiss"]
[EventRounds "11"]
[EventCountry "UKR"]
[SourceTitle "CBM 119 Extra"]
[Source "ChessBase"]
[SourceDate "2007.09.04"]
[SourceVersion "1"]
[SourceVersionDate "2007.09.04"]
[SourceQuality "1"]

1. e4 c5 2. Nf3 d6 3. d4 cxd4 4. Nxd4 Nf6 5. Nc3 a6 6. Be2 e5 7. Nb3 Be6 8. 0-0 b5 9. Bg5 Nbd7 10. a4 b4 11. Nd5 Bxd5 12. exd5 Be7 13. a5 0-0 14. Bc4 Ne4 15. Be3 Qc7 16. Qd3 Nec5 17. Nxc5 Nxc5 18. Qe2 f5 19. b3 f4 20. Bxc5 Qxc5 21. Bxa6 f3 22. Qc4 fxg2 23. Kxg2 Qa7 24. Bb5 Rf4 25. Qe2 e4 26. Qe3 Rg4+ 27. Kh1 Qc7 28. f3 Rh4 29. a6 Bf6 30. Ra2 exf3 31. Bc6 Qf7 32. c4 Rxa6 33. Be8 Rxa2 34. Bxf7+ Kxf7 35. Qe6+ Kg6 36. Rg1+ Kh6 37. Qxd6 g6 38. Rf1 Be7 39. Qe5 Bf6 40. Qg3 Rg2 41. Qb8 Bd4 42. Qf8+ Bg7 43. Qd6 Rhg4 44. h3 R4g3 45. Qf4+ g5 46. Qf5 f2 47. Rxf2 Rg1+ 48. Kh2 Bd4 49. Qe6+ Kh5 50. Qf7+ Kh6 51. Re2 1-0